000 00665nam a22002177a 4500
005 20251108175048.0
008 250721s2011 xx 000 0 ara d
082 1 4 _aم/ط/031/موس
100 1 _aقبيعة، محمد جمال
_eمترجم
245 1 0 _aالفطريات و الطفيليات /
246 1 1 _aMUSHROOMS & TOADSTOOLS
264 1 _aبيروت :
_bدار الراتب الجامعية،
_c2011.
300 _a107 ص.مص.
650 1 7 _aالفطريات
650 1 7 _aالطفيليات
650 1 7 _aالأطفال
650 1 7 _aالتعلم
653 _aناشئون صغار ( 10 - 14 سنة )
942 _2ddc
_cBK
999 _c125206
_d125206